000 00892nam a2200289 i 4500
001 000008509
003 DO-SdBNP
005 20240909102943.0
007 ta
008 090917s2005 dr r 000 0 spa d
020 _a9945854526
040 _aDO-SdBNP
_bspa
_cBNPHU
_erda
082 4 _a341
_bM491d
_222
100 1 _aMedina, Roberto
_922839
_4aut.
_eautor
245 1 0 _aDerecho internacional público /
_cRoberto Medina.
250 _aPrimera edición
264 1 _aSanto Domingo :
_b[editor no identificado],
_c2005
300 _a523 páginas ;
_c23 cm.
336 _2rdacontent
_atexto
_btxt
337 _2rdamedia
_asin mediación
_bn
338 _2rdacarrier
_avolumen
_bnc
504 _aBibliografía : p. 521-523
590 _aInventariado, 2018/BT
650 7 _aDerecho internacional público
_99388
_2LEMB
910 _aValidado. Control de calidad. MMOLINA
942 _2ddc
_cLBS1
999 _c8279
_d8279